Химическое строение биосферы Земли и ее окружения (Запись № 976217)

Подробности
000 -МАРКЕР
контрольное поле 02229nam0a2200421 4500
001 - ИДЕНТИФИКАТОР ЗАПИСИ
контрольное поле RU\NLR\bibl\172678
005 - ИДЕНТИФИКАТОР ВЕРСИИ
контрольное поле 20260406152446.0
010 ## - МЕЖДУНАРОДНЫЙ СТАНДАРТНЫЙ НОМЕР КНИГИ (ISBN)
Номер (ISBN) 5-02-004361-3
Тираж 400
021 ## - НОМЕР ГОСУДАРСТВЕННОЙ РЕГИСТРАЦИИ
Код страны Российская Федерация
Номер 2001-17788
Номер Листа государственной регистраци 825
035 ## - ДРУГИЕ СИСТЕМНЫЕ НОМЕРА
Идентификатор записи (NLR Aleph) 000169450
100 ## - ДАННЫЕ ОБЩЕЙ ОБРАБОТКИ
Данные общей обработки 20010716d2001 |||y0rusy50 ca
101 0# - ЯЗЫК РЕСУРСА
Язык текста, звукозаписи и т.д. русский
102 ## - СТРАНА ПУБЛИКАЦИИ ИЛИ ПРОИЗВОДСТВА
Страна публикации Российская Федерация
105 ## - ПОЛЕ КОДИРОВАННЫХ ДАННЫХ: ТЕКСТОВЫЕ МАТЕРИАЛЫ, МОНОГРАФИЧЕСКИЕ
Кодированные данные о монографическом текстовом документе c |||||||||
200 1# - ЗАГЛАВИЕ И СВЕДЕНИЯ ОБ ОТВЕТСТВЕННОСТИ
Основное заглавие Химическое строение биосферы Земли и ее окружения
Первые сведения об ответственности В.И. Вернадский
Последующие сведения об ответственности Отв. ред.: д. филос. н. Ф.Т. Яншина, д. геол.-минерал. н. С.Н. Жидовинов
-- [Рос. акад. наук. Комис. по разраб. науч. наследия акад. В.И. Вернадского и др.]
210 ## - ПУБЛИКАЦИЯ, РАСПРОСТРАНЕНИЕ И ДР.
Место издания, распространения и т.д. М.
Имя издателя, распространителя и т. д. Наука
Дата издания, распространения и т.д. 2001
215 ## - ФИЗИЧЕСКАЯ ХАРАКТЕРИСТИКА
Специфическое обозначение материала и объем 375, [1] с., [1] л. портр.
Размеры 25
225 1# - СЕРИЯ
Основное заглавие серии Библиотека трудов академика В. И. Вернадского
Сведения об ответственности Гл. ред.: акад. А.Л. Яншин
300 ## - ОБЩИЕ ПРИМЕЧАНИЯ
Текст примечания В надзаг. также: Ин-т геохимии и аналит. химии им. В.И. Вернадского, Ин-т литосферы окраин. и внутр. морей
320 ## - ПРИМЕЧАНИЯ О НАЛИЧИИ В ДОКУМЕНТЕ БИБЛИОГРАФИИ / УКАЗАТЕЛЯ
Текст примечания Указ. предм. и имен.: с. 361-370
320 ## - ПРИМЕЧАНИЯ О НАЛИЧИИ В ДОКУМЕНТЕ БИБЛИОГРАФИИ / УКАЗАТЕЛЯ
Текст примечания Библиогр. науч. тр. В.И. Вернадского, тематически связан. с данной работой: с. 358-360. Библиогр. в примеч.: с. 348-357. Библиогр. в примеч. в конце гл.
606 1# - НАИМЕНОВАНИЕ ТЕМЫ КАК ПРЕДМЕТ
Наименование темы Биогеохимия
Системный номер авторитетной/нормативной записи 911136
Идентификатор авторитетной/нормативной записи RU\NLR\AUTH\6613059
610 0# - НЕКОНТРОЛИРУЕМЫЕ ПРЕДМЕТНЫЕ ТЕРМИНЫ
Предметный термин Биосфера - Химия
675 ## - УНИВЕРСАЛЬНАЯ ДЕСЯТИЧНАЯ КЛАССИФИКАЦИЯ (UDC/УДК)
Индекс 550.7
Издание 3
Язык издания rus
686 ## - ИНДЕКСЫ ДРУГИХ КЛАССИФИКАЦИЙ
Индекс 38
Код системы
686 ## - ИНДЕКСЫ ДРУГИХ КЛАССИФИКАЦИЙ
Индекс 26.3
Код системы
686 ## - ИНДЕКСЫ ДРУГИХ КЛАССИФИКАЦИЙ
Индекс Е081.1
686 ## - ИНДЕКСЫ ДРУГИХ КЛАССИФИКАЦИЙ
Индекс Е072.9
700 #1 - ИМЯ ЛИЦА - ПЕРВИЧНАЯ ОТВЕТСТВЕННОСТЬ
Код отношения Автор
Материалы, к которым относится поле rus
Графика поля Кириллица
Начальный элемент ввода Вернадский
Часть имени, кроме начального элемента ввода В. И.
Даты 1863-1945
Расширение инициалов личного имени Владимир Иванович
Идентификатор авторитетной/нормативной записи RU\NLR\auth\775962
Системный номер авторитетной/нормативной записи 115918
702 #1 - ИМЯ ЛИЦА - ВТОРИЧНАЯ ОТВЕТСТВЕННОСТЬ
Код отношения Редактор
Графика поля Кириллица
Материалы, к которым относится поле rus
Начальный элемент ввода Яншина
Часть имени, кроме начального элемента ввода Ф. Т.
Даты 1933-2011
Расширение инициалов личного имени Фидан Тауфиковна
Системный номер авторитетной/нормативной записи 185157
Идентификатор авторитетной/нормативной записи RU\NLR\AUTH\770185208
801 #0 - ИСТОЧНИК ЗАПИСИ
Страна Российская Федерация
Организация RKP
Дата составления 20010716
Правила каталогизации PSBO
801 #1 - ИСТОЧНИК ЗАПИСИ
Страна Российская Федерация
Организация RKP
Дата составления 20010716
801 #2 - ИСТОЧНИК ЗАПИСИ
Страна Российская Федерация
Организация NLR
Дата составления 20020620
Правила каталогизации rcr
942 ## - ДОПОЛНИТЕЛЬНЫЕ ЭЛЕМЕНТЫ ЗАПИСИ (АБИС)
Тип экземпляра АБИС Книга
980 ## - КОЛЛЕКЦИЯ
Название коллекции Национальная библиография
Экземпляры
Тип экземпляра Дата поступления Источник поступления Библиотека постоянного хранения Библиотека текущего хранения Место хранения Шифр хранения Штрих-код Статус экземпляра
Книга 28.06.2004 Подсобные фонды РНБ РНБ (Московский) РНБ (Московский) Фонд общего зала литературы по технике Т1 Е 081/В-350 1-619927  
Книга 26.07.2001 Обязательный экземпляр РНБ (Московский) РНБ (Московский) Русский книжный фонд: издания с 1957 года 2001-7/1410 143706  
Книга 26.07.2001 Обязательный экземпляр РНБ (Московский) РНБ (Московский) Русский книжный фонд: издания с 1957 года 2001-7/1410 143707